000 01044nas a2200301 4500
001 BR2019001963
003 BR-BrBNA
005 20231205132013.0
007 ta
008 230509b bl.|||p| |||| 00| 00por d
040 _aBR-BrBNA
_bpor
_cBiblioteca Nacional de Agricultura
041 _a(Pt)
072 _aL50; L70
100 1 _aJunqueira, J.R.C.
100 1 _aBalarin, M.R.S.
100 1 _aFlaiban, K.K.M.C.
100 1 _aBarbosa, D.S.
100 1 _aLisboa, J.A.N.
245 1 _aEfeito alcalinizante de soluções eletrolíticas intravenosas com concentrações elevadas de lactato de sódio infundidas em bezerros sadios
650 _aBEZERRO
650 _aANÁLISE QUÍMICA
650 _aACIDOSE
650 _aVETERINÁRIA
773 0 _tArquivo Brasileiro de Medicina Veterinária e Zootecnia (Brazil)
_xISSN 1678-4162
_g(Feb 2015), v. 67(1) p. 15-24
_wBR2019001963
856 4 0 _uhttp://www.scielo.br/pdf/abmvz/v67n1/0102-0935-abmvz-67-01-00015.pdf
909 _a202311
_bLúcia
_c55
_dLúcia Elande
942 _2AGRIS
_n0
_cANA
999 _c257915
_d257915